Становище Римо-католицької Греко-католицької церков в УРСР у 1953-1964 рр. (на прикладі Львівської, Дрогобицької, Станіславської і Тернопільської областей) (Запис № 571621)

МАРК-запис
000 -Лідер
fixed length control field 02742nam a22002417a 4500
003 - Ідентифікатор контрольного номера
control field UA-OsUOA
005 - Дата та час останнього входження (трансакції)
control field 20211013164027.0
008 - Елементи даних фіксованої довжини – загальна інформація
fixed length control field 211013b un ||||| |||| 00| 0 ukr d
040 ## - Джерело каталогізації
Агенція оригінальної каталогізації UA-OsUOA
Мова каталогізації ukr
Агенція, яка здійснювала перезапис UA-OsUOA
Агенція, яка здійснювала модифікацію UA-OsUOA
041 ## - Код мови
Код мови тексту/ звукової доріжки чи окремого заголовка (П) ukr
080 ## - Індекс Універсальної десяткової класифікації
Індекс Універсальної десяткової класифікації (УДК) (НП) 94:[322:272/273](477.8)"1953/1964"
090 ## - Локальний шифр розміщення
Класифікаційний індекс УДК 94:[322:272/273](477.8)"1953/1964"
095 ## - Код спеціальності для авторефератів
Код спеціальності 07.00.01
Назва спеціальності історія України
100 ## - Основне введення – ім’я особи
Ім’я особи (НП) Дідух Т. Г.
245 ## - Відомості про назву
Назва (НП) Становище Римо-католицької Греко-католицької церков в УРСР у 1953-1964 рр. (на прикладі Львівської, Дрогобицької, Станіславської і Тернопільської областей)
Дані про відповідальність (НП) Дідух Тарас Григорович ; наук. керівник Бистрицька Елла Володимирівна
260 ## - Публікація, розповсюдження і т.п. (Вихідні дані)
Місце публікації, розповсюдження і т.п. (П) Тернопіль
Дата публікації, розповсюдження і т.п. (П) 2021
300 ## - Фізичний опис
Обсяг 20 с.
502 ## - Примітка про дисертацію
Зв'язок Автореферат дисертації на здобуття наукового ступеня кандидата історичних наук<br/>
Наймення інституції, що представляється Тернопільський національний педагогічний університет імені Володимира Гнатюка
Рік отримання вченого ступеня 2021
520 ## - Резюме і т.п.
Резюме, реферат, анотація, тощо (НП) У дисертаційній роботі на основі комплексного аналізу наукової літератури, опублікованих документів та архівних матеріалів досліджено стан Римо-католицької (РКЦ) та Греко-католицької (ГКЦ) церков в УРСР у 1953- 1964 рр. (на прикладі Львівської, Дрогобицької, Станіславської і Тернопільської областей). Проаналізовано становище РКЦ та ГКЦ на території досліджуваних областей УРСР упродовж 1953-1964 рр. у хронологічній послідовності та взаємозв’язку з тогочасною політикою радянської влади щодо цих релігійних об’єднань. Висвітлено особливості державної політики радянської влади щодо РКЦ і ГКЦ в УРСР у 1953-1964 рр. та форми і методи її реалізації у Львівській, Дрогобицькій, Станіславській і Тернопільській областях. З’ясовано результати, спричинені цією політикою.
650 ## - Додаткове предметне введення – тематичний термін
Джерело заголовка чи терміна UDC
Тематичний термін чи географічна назва, як елемент введення (НП) 94 Історія загалом
942 ## - Додаткові елементи входу (Коха)
Source of classification or shelving scheme Universal Decimal Classification
Тип елемента Koha Автореферат
955 ## - Код типу видання за змістом
Код типу видання за змістом (НП) Наукові видання

Немає доступних примірників.